[Event "SRB-chT3 Ost"]
[Site "Kladovo"]
[Date "2013.10.19"]
[Round "4.11"]
[White "Djordjevic, Radomir"]
[Black "Radivojevic, Nikola"]
[Result "0-1"]
[WhiteElo "2138"]
[BlackElo "2187"]
[PlyCount "76"]
[EventDate "2013.10.17"]
[EventType "team-swiss"]
[EventRounds "8"]
[EventCountry "SRB"]
[SourceTitle "EXT 2015"]
[Source "ChessBase"]
[SourceDate "2014.11.20"]
[SourceVersion "1"]
[SourceVersionDate "2014.11.20"]
[SourceQuality "1"]

1. e4 e5 2. Nf3 Qe7 3. Nc3 c6 4. a3 d6 5. Bc4 g6 6. d3 Bg7 7. Bg5 f6 8. Be3 Nh6 9. h3 Be6 10. Bxe6 Qxe6 11. d4 0-0 12. d5 Qe7 13. Qd2 Nf7 14. g4 Nd7 15. 0-0-0 c5 16. Ne1 a6 17. f4 exf4 18. Bxf4 Nde5 19. Qe2 b5 20. Nb1 Rae8 21. Nd2 c4 22. Qe3 Qc7 23. Nef3 f5 24. Nxe5 Nxe5 25. Bxe5 Bxe5 26. gxf5 c3 27. Nb3 Rc8 28. Qd3 a5 29. Kb1 cxb2 30. Rd2 b4 31. a4 Qd7 32. Qb5 Qxb5 33. axb5 Rc4 34. Re2 Rb8 35. fxg6 Rxb5 36. gxh7+ Kxh7 37. Nd2 Rc3 38. Rf1 Ra3 0-1

[Event "SRB-chT3 Liga Ost CS"]
[Site "Serbia"]
[Date "2011.09.11"]
[Round "1.5"]
[White "Boskovic, Tomislav"]
[Black "Radivojevic, Nikola"]
[Result "0-1"]
[WhiteElo "2180"]
[BlackElo "2170"]
[PlyCount "84"]
[EventDate "2011.09.11"]
[EventType "team"]
[EventRounds "11"]
[EventCountry "SRB"]
[SourceTitle "EXT 2015"]
[Source "ChessBase"]
[SourceDate "2014.11.20"]
[SourceVersion "1"]
[SourceVersionDate "2014.11.20"]
[SourceQuality "1"]

1. d4 f5 2. Bg5 g6 3. e3 Nh6 4. h4 Nf7 5. Bf4 Bg7 6. Nf3 d6 7. Bc4 d5 8. Bd3 Nd7 9. c3 e5 10. dxe5 Ndxe5 11. Nxe5 Nxe5 12. Be2 0-0 13. Nd2 h6 14. Qb3 Kh8 15. Rd1 Qe7 16. Bxe5 Qxe5 17. Nf3 Qe7 18. g3 c6 19. Nd4 c5 20. Nc2 Be6 21. Qa3 Bg8 22. Rg1 Rfe8 23. Kf1 a6 24. Bf3 Rad8 25. Kg2 Be5 26. Rge1 Bd6 27. Rd2 g5 28. hxg5 hxg5 29. Kg1 Rd7 30. Red1 f4 31. Bxd5 Bxd5 32. Rxd5 Qe4 33. Ne1 fxg3 34. Ng2 gxf2+ 35. Kf1 Rf8 36. c4 Rh7 37. Qc3+ Be5 38. Rxe5 Rh1+ 39. Ke2 Qf3+ 40. Kd3 Qxd1+ 41. Ke4 Qf3+ 42. Kd3 f1Q+ 0-1